| 000 | 00650nam a22001937a 4500 | ||
|---|---|---|---|
| 999 |
_c172775 _d172775 |
||
| 005 | 20200212161751.0 | ||
| 010 | _aB-82918 | ||
| 020 |
_c100.00 _a- |
||
| 035 | _aB-82918 | ||
| 037 | _bBPPD | ||
| 082 | _a844 | ||
| 100 | _aعظيم الد ين عظيم | ||
| 245 |
_aخد ا جھو ٹ نہ بلو اۓ _cعظيم الد ين عظيم |
||
| 246 |
_aKhuda Jhoot na Bulwaye _bby Azeemuddin Azeem |
||
| 260 |
_aBangalore _bMajlis-e-Adab Publications _c2003 |
||
| 270 |
_a50,3rd. Cross,Old GurappanPalya,D.R.College Post, _bBangalore _e560029 _k- _l- _m- |
||
| 300 |
_a162 ص _c21 Cm.(P.b) |
||
| 942 |
_2ddc _cUR _h844 _mع ظ ی |
||